Statistics for Tracy Mcgrady

Click here to take the quiz!

General Stats

  • This quiz has been taken 53 times
    (50 since last reset)
  • The average score is 13 of 28

Answer Stats

HintAnswer% Correct
NBA Teams He Played ForMagic
98%
NBA Teams He Played ForRaptors
98%
NBA Teams He Played ForRockets
98%
How many points did McGrady famously score in 33 seconds13
85%
Which NBA Legend said that Tracy McGrady was his toughest opponentKobe Bryant
85%
NBA teams He Played ForSpurs
85%
His NicknameT-Mac
85%
Which NBA teammate of his found out they were cousinsVince Carter
85%
What pick in the draft was he9
78%
NBA Teams He Played ForKnicks
73%
Star He joined with on his 3rd NBA teamYao Ming
73%
NBA Teams He Played ForHawks
68%
NBA Teams He Played ForPistons
68%
What season did he return leave for his Hometown Team2000
55%
State He is FromFlorida
43%
What Other teams GM was desperate to draft himLakers
28%
Coaches He Played forDoc Rivers
20%
City He is FromBartow
15%
Coaches He Played forJeff Van Gundy
15%
High school he played forMount Zion Christian Academy
15%
CBA team he played for in 2012-2013Qingdao DoubleStar Eagles
8%
Coaches He Played forRick Adelman
8%
Who was drafted before himAdonal Foyle
5%
Who was drafted after himDanny Fortson
5%
Coaches He Played forJohn Kuester
5%
Coaches He Played forLarry Drew
3%
Coaches he played forButch Carter
0%
Coaches He Played forJohnny Davis
0%

Score Distribution

Percentile by Number Answered

Percent of People with Each Score

Your Score History

You have not taken this quiz since the last reset